Norma del católico en la sociedad actual, diálogos catequísticos para los católicos del siglo XIX, sobre lo que ha de creer y...

Detalles Bibliográficos
Autor principal: A. M. de A.
Formato: Libro
Publicado: Burgos 1885
Materias:
Colección:Banco de datos
Acervo:Biblioteca del Ex Convento de Nuestra Señora de Guadalupe. Zacatecas
Descripción Física:[t. I]
Tema general:Catequética
Notas:Regular. II,11,7(642).La guarda anterior presenta un ex libris impreso de El Progreso Literario,Gabinete de lectura librería y comisiones Manuel Sancho.La portada muestra ex libris manus
LEADER 00948nam a22002050004500
035 |a 39713 
036 |a 897 
100 1 |a A. M. de A. 
245 1 0 |a Norma del católico en la sociedad actual, diálogos catequísticos para los católicos del siglo XIX, sobre lo que ha de creer y... 
260 |a Burgos  |b Imprenta del centro católico, Lain-Calvo  |c 1885 
300 |a [t. I] 
500 |a Regular. II,11,7(642).La guarda anterior presenta un ex libris impreso de El Progreso Literario,Gabinete de lectura librería y comisiones Manuel Sancho.La portada muestra ex libris manus 
650 1 0 |a Catequética 
949 |a CRZ-CG 
959 |a Ex convento de Nuestra Señora de Guadalupe, Museo Regional de Zacatecas, Zacatecas  |b CCC4 
960 |a Convento de Nuestra Señora de Guadalupe, Zacatecas  |b DD87 
961 |a Franciscana  |b OF 
942 |c CRZ-CG 
943 |g Biblioteca del Ex Convento de Nuestra Señora de Guadalupe. Zacatecas 
999 |c 963840  |d 963840